[Event "Pereira Cosecha op"]
[Site "Pereira"]
[Date "2024.09.01"]
[Round "8"]
[White "Castaneda Montoya, Pedro Maria"]
[Black "Bermudez Rojas, Alejandro"]
[Result "0-1"]
[WhiteElo "1538"]
[BlackElo "1599"]
[PlyCount "68"]
[EventDate "2024.08.28"]
[EventType "swiss"]
[EventRounds "9"]
[EventCountry "COL"]
[SourceTitle "EXT 2025"]
[Source "ChessBase"]
[SourceDate "2024.10.14"]
[SourceVersion "1"]
[SourceVersionDate "2024.10.14"]
[SourceQuality "1"]

1. e4 c5 2. Bc4 e6 3. d3 a6 4. a4 Qc7 5. Nf3 Nc6 6. 0-0 Be7 7. Nc3 Nf6 8. Re1 d6 9. Bb3 0-0 10. Ne2 d5 11. exd5 exd5 12. Nf4 Rd8 13. Ng5 h6 14. Ngh3 Bg4 15. f3 Bf5 16. Ba2 b5 17. c3 d4 18. Qe2 Bf8 19. Qf2 dxc3 20. bxc3 Bxd3 21. Nxd3 Rxd3 22. Bf4 Qd7 23. axb5 Nd8 24. bxa6 Rxc3 25. Be5 Rd3 26. Bxf6 gxf6 27. Nf4 Rd2 28. Ng6 Rxf2 29. Kxf2 Qd4+ 30. Kf1 Qd3+ 31. Kg1 Qxg6 32. Re8 Rxa6 33. Rxd8 Rxa2 34. Rxa2 Qb1+ 0-1

[Event "Pereira Cosecha op"]
[Site "Pereira"]
[Date "2024.08.31"]
[Round "7"]
[White "Bermudez Rojas, Alejandro"]
[Black "Espinosa Echeverry, Jeiner"]
[Result "0-1"]
[WhiteElo "1599"]
[BlackElo "1763"]
[PlyCount "47"]
[EventDate "2024.08.28"]
[EventType "swiss"]
[EventRounds "9"]
[EventCountry "COL"]
[SourceTitle "EXT 2025"]
[Source "ChessBase"]
[SourceDate "2024.10.14"]
[SourceVersion "1"]
[SourceVersionDate "2024.10.14"]
[SourceQuality "1"]

1. e4 e6 2. d4 d5 3. Nc3 dxe4 4. Nxe4 b6 5. Bb5+ c6 6. Be2 Bb7 7. Bf3 h6 8. Nc3 Nf6 9. Nge2 Nbd7 10. Be3 Qc7 11. Qd2 Nd5 12. Nxd5 exd5 13. Bf4 Qd8 14. h4 Nf6 15. Nc3 Bb4 16. a3 Bd6 17. 0-0 g5 18. Rfe1+ Kf8 19. hxg5 hxg5 20. Bxg5 Bh2+ 21. Kf1 Ba6+ 22. Be2 Bf4 23. Bxa6 Bxd2 24. Bxd2 0-1

[Event "Pereira Cosecha op"]
[Site "Pereira"]
[Date "2024.08.30"]
[Round "4"]
[White "Torres, Saulo de Jesus"]
[Black "Bermudez Rojas, Alejandro"]
[Result "1-0"]
[WhiteElo "1809"]
[BlackElo "1599"]
[PlyCount "54"]
[EventDate "2024.08.28"]
[EventType "swiss"]
[EventRounds "9"]
[EventCountry "COL"]
[SourceTitle "EXT 2025"]
[Source "ChessBase"]
[SourceDate "2024.10.14"]
[SourceVersion "1"]
[SourceVersionDate "2024.10.14"]
[SourceQuality "1"]

1. e4 c5 2. Nf3 e6 3. Nc3 a6 4. d4 cxd4 5. Nxd4 Qc7 6. f4 Nc6 7. Nf3 Nf6 8. e5 Ng8 9. Bd3 d6 10. Qe2 b5 11. a3 Bb7 12. 0-0 dxe5 13. fxe5 Bc5+ 14. Kh1 Nge7 15. Ne4 Nxe5 16. Nxc5 Bxf3 17. Rxf3 Nxf3 18. Qxf3 0-0 19. Ne4 Ng6 20. Bd2 Rac8 21. Bc3 Qf4 22. Qh5 Qh4 23. Qxh4 Nxh4 24. Rf1 Nf5 25. Ng5 Rfd8 26. g4 Nh6 27. Bxh7+ Kh8 1-0

[Event "COL-ch sf"]
[Site "Pereira"]
[Date "2024.03.31"]
[Round "11"]
[White "Villada Londono, Thomas"]
[Black "Bermudez Rojas, Alejandro"]
[Result "0-1"]
[WhiteElo "1500"]
[BlackElo "1551"]
[PlyCount "58"]
[EventDate "2024.03.26"]
[EventType "swiss"]
[EventRounds "11"]
[EventCountry "COL"]
[SourceTitle "CBM 219 Extra"]
[Source "ChessBase"]
[SourceDate "2024.05.31"]
[SourceVersion "1"]
[SourceVersionDate "2024.05.31"]
[SourceQuality "1"]

1. c4 Nf6 2. Nc3 g6 3. g3 Bg7 4. Bg2 0-0 5. d4 d6 6. Nf3 c6 7. 0-0 Nbd7 8. e4 e5 9. d5 c5 10. Nd2 Ne8 11. f4 exf4 12. Rxf4 Ne5 13. Rf1 Bg4 14. Qb3 Nc7 15. Nf3 Bxf3 16. Bxf3 a6 17. Qxb7 Rb8 18. Qa7 Qe7 19. Bf4 Rb4 20. a3 Rb3 21. Bd1 Ra8 22. Qxa8+ Nxa8 23. Bxb3 Nb6 24. Bxe5 Bxe5 25. Rf3 Bxc3 26. bxc3 Qxe4 27. Raf1 f5 28. R1f2 Qb1+ 29. Kg2 Qxb3 0-1

[Event "COL-ch sf"]
[Site "Pereira"]
[Date "2024.03.26"]
[Round "2"]
[White "Bermudez Rojas, Alejandro"]
[Black "Castro Lombana, Juan Pablo"]
[Result "0-1"]
[WhiteElo "1551"]
[BlackElo "1826"]
[PlyCount "64"]
[EventDate "2024.03.26"]
[EventType "swiss"]
[EventRounds "11"]
[EventCountry "COL"]
[SourceTitle "CBM 219 Extra"]
[Source "ChessBase"]
[SourceDate "2024.05.31"]
[SourceVersion "1"]
[SourceVersionDate "2024.05.31"]
[SourceQuality "1"]

1. e4 c5 2. Nf3 d6 3. d4 cxd4 4. Nxd4 Nf6 5. Nc3 g6 6. Be3 Bg7 7. f3 Nc6 8. Qd2 0-0 9. 0-0-0 Bd7 10. Bc4 Rb8 11. Bb3 Qa5 12. h4 h5 13. Kb1 Rfc8 14. g4 Ne5 15. Nd5 Qxd2 16. Nxf6+ Bxf6 17. Rxd2 hxg4 18. h5 g5 19. Rg1 gxf3 20. Bxg5 Bxg5 21. Rxg5+ Kh7 22. c3 Bc6 23. Nxc6 bxc6 24. Rf5 Rg8 25. Rf2 Rg1+ 26. Kc2 Rg2 27. Rd2 e6 28. Rf4 Kh6 29. Rh4 c5 30. c4 a5 31. Rh1 Rb4 32. Kc3 a4 0-1

[Event "Pereira Fiestas de la Cosecha op"]
[Site "Pereira"]
[Date "2023.08.25"]
[Round "3"]
[White "Bermudez Rojas, Alejandro"]
[Black "Castaneda Montoya, Pedro Maria"]
[Result "1-0"]
[WhiteElo "1127"]
[BlackElo "1331"]
[PlyCount "97"]
[EventDate "2023.08.24"]
[EventType "swiss"]
[EventRounds "7"]
[EventCountry "COL"]
[SourceTitle "CBM 216 Extra"]
[Source "ChessBase"]
[SourceDate "2023.11.30"]
[SourceVersion "1"]
[SourceVersionDate "2023.11.30"]
[SourceQuality "1"]

1. e4 e5 2. Nf3 Nc6 3. Bc4 Bc5 4. c3 d6 5. d3 h6 6. b4 Bb6 7. a4 a6 8. a5 Ba7 9. 0-0 Nge7 10. Be3 0-0 11. Nbd2 Ng6 12. Ne1 Kh8 13. Nc2 Qe7 14. Bxa7 Rxa7 15. Ne3 Nf4 16. Nf3 Be6 17. Qb3 Bxc4 18. Qxc4 Qf6 19. Nd5 Nxd5 20. exd5 Ne7 21. Nd2 c6 22. dxc6 Nxc6 23. Ne4 Qg6 24. Qd5 Ne7 25. Qxd6 Qxd6 26. Nxd6 f5 27. f4 Nc6 28. fxe5 Nxe5 29. d4 Ng4 30. Rxf5 Nf6 31. Raf1 Kh7 32. Ne4 Raa8 33. Nxf6+ Kg6 34. R5f3 gxf6 35. Kf2 Rac8 36. Ke2 Rce8+ 37. Kd3 f5 38. g4 f4 39. Rxf4 Rxf4 40. Rxf4 Kg5 41. Re4 Rf8 42. d5 Rf3+ 43. Re3 Rf1 44. Kc4 Kxg4 45. d6 Rf4+ 46. Kd5 Rf1 47. d7 Rd1+ 48. Ke6 Kf4 49. Re5 1-0